Britain and France between two wars : Conflicting strategies of peace since versailles
This major book is presented about foreign relations between Britain and France,...
Bewaard in:
| Hoofdauteur: | |
|---|---|
| Formaat: | Boek |
| Taal: | Undetermined |
| Gepubliceerd in: |
New York
Harcourt, Brace and company
1940
|
| Onderwerpen: | |
| Tags: |
Voeg label toe
Geen labels, Wees de eerste die dit record labelt!
|
| Thư viện lưu trữ: | Trung tâm Học liệu Trường Đại học Cần Thơ |
|---|
| LEADER | 00762nam a2200229Ia 4500 | ||
|---|---|---|---|
| 001 | CTU_108876 | ||
| 008 | 210402s9999 xx 000 0 und d | ||
| 082 | |a 940.5 | ||
| 082 | |b W855 | ||
| 100 | |a Wolfers, Arnold | ||
| 245 | 0 | |a Britain and France between two wars : | |
| 245 | 0 | |b Conflicting strategies of peace since versailles | |
| 245 | 0 | |c Arnold Wolfers | |
| 260 | |a New York | ||
| 260 | |b Harcourt, Brace and company | ||
| 260 | |c 1940 | ||
| 520 | |a This major book is presented about foreign relations between Britain and France,... | ||
| 650 | |a Great britain,Europe,Peace | ||
| 650 | |x Foreign relations,Politics and government | ||
| 650 | |y 20th century,1918-1945 | ||
| 904 | |i Giang | ||
| 980 | |a Trung tâm Học liệu Trường Đại học Cần Thơ | ||